Prime Ministers of Lebanon - Statistics

General Stats
  • This quiz has been taken 15 times
  • The average score is 23 of 56
Answer Stats
Hint Answer % Correct
1992 - 1998 Rafic Hariri
100%
2000 - 2004 Rafic Hariri
100%
2009 - 2011 Saad Hariri
100%
2016 -2020 Saad Hariri
100%
2005 Najib Mikati
88%
2011 - 2014 Najib Mikati
88%
2021 - 2025 Najib Mikati
88%
2025 - Present Nawaf Salam
75%
2020 - 2021 Hassan Diab
63%
1974 - 1975 Rachid Solh
63%
1992 Rachid Solh
63%
1990 - 1992 Omar Karami
50%
2004 - 2005 Omar Karami
50%
1943 - 1945 Riad Solh
50%
1946 - 1951 Riad Solh
50%
1952 Saeb Salam
50%
1952 - 1953 Saeb Salam
50%
1960 - 1961 Saeb Salam
50%
1970 - 1973 Saeb Salam
50%
1945 - 1946 Sami Solh
50%
1952 Sami Solh
50%
1954 - 1955 Sami Solh
50%
1956 - 1958 Sami Solh
50%
1973 - 1974 Takieddine Solh
50%
1980 Takieddine Solh
50%
1945 Abdul Hamid Karami
38%
2005 - 2009 Fouad Siniora
38%
1955 - 1956 Rashid Karami
38%
1958 - 1960 Rashid Karami
38%
1961 - 1964 Rashid Karami
38%
1965 - 1966 Rashid Karami
38%
1966 - 1968 Rashid Karami
38%
1969 - 1970 Rashid Karami
38%
1975 - 1976 Rashid Karami
38%
1984 - 1987 Rashid Karami
38%
1980 - 1984 Shafik Dib Wazzan
38%
2014 - 2016 Tammam Salam
38%
1951 - 1952 Abdallah Yafi
25%
1953 - 1954 Abdallah Yafi
25%
1956 Abdallah Yafi
25%
1966 Abdallah Yafi
25%
1968 - 1969 Abdallah Yafi
25%
1988 - 1990 Michel Aoun
25%
1973 Amin Hafez
13%
(Acting) 1952 Fuad Chehab
13%
1952 Khaled Chehab
13%
1960 Ahmad Daouk
0%
1951 Hussein Oweini
0%
1964 - 1965 Hussein Oweini
0%
(Acting) 1958 Khalil Hibri
0%
1952 Nazem Akkari
0%
1975 Nureddine Rifai
0%
1946 Saadi Munla
0%
1976 - 1980 Salim Huss
0%
1987 - 1990 Salim Huss
0%
1998 - 2000 Salim Huss
0%
No matching quizzes found
Score Distribution
Percent of People with Each Score
Percentile by Number Answered
Your Score History
You have not taken this quiz